| 000 | 00642nam a2200205 i 4500 | ||
|---|---|---|---|
| 001 | bg | ||
| 100 | 1 | _aSAEED, Khalid | |
| 245 | 1 | 0 |
_aImage analysis for object recognition / _cKhalid Saeed. |
| 260 |
_aBialystok : _bTechnical Univesity Press, _c2004. |
||
| 300 |
_a152 s. : _bil. ; _c24 cm. |
||
| 490 | 1 |
_aDissertation / Bialystok Technical University, _x0867-696X ; _vno. 109 |
|
| 504 | _aBibliogr. Indeks. | ||
| 650 | 9 | _aRozpoznawanie obrazów | |
| 830 | 0 |
_aDissertation (Bialystok Technical University) ; _vno. 109 |
|
| 040 | _cBPK | ||
| 041 | 0 | _apol | |
| 080 | _a004.93'1 | ||
| 942 | _cKS | ||
| 008 | s pl f |000 0 pol | ||
| 999 |
_c45546 _d45546 |
||